01918nam a2200313 4500003001000000005001700010007000300027008004100030020001800071040003500089041001800124082000800142100006300150245009500213250001600308264004600324300001800370336002700388337001500415338001200430490002100442520094200463600004401405650002501449650002701474650003601501700004001537700002701577CO-MdUADB20260128100828.0ta240430t1970 enk |||gr|||| 001 ideng d a9780140442335 aCO-MdUADBbspacCO-MdUADBerda aengbengheng74a8321 aGoethe, Johann Wolfgang von,d1749-1832cJ. W. Goetheeaut1 aItalian journey : b1786 - 1788 / cJ.W Goethe ; traducido por W.H Auden , Elizabeth Mayer a. edición 1aEstados Unidos : bPenguin books , c1970 a508 páginas 2rdacontentatextobtxt ano mediado avolumen1 aPenguin classics3 aIn 1786, when he was already the acknowledged leader of the Sturm und Drang literary movement, Goethe set out on a journey to Italy to fulfil a personal and artistic quest and to find relief from his responsi- bilities and the agonies of unrequited love. As he travelled to Venice, Rome, Naples and Sicily he wrote many letters, which he later used as the basis for the Italian Journey. A journal full of fascinating observa- tions on art and history, and the plants, landscape and the character of the local people he encountered, this is also a moving account of the psychological crisis from which Goethe emerged newly inspired to write the great works of his mature years. W. H. Auden and Elizabeth Mayer's translation captures the vitality, humour and immediacy of Goethe's timeless chronicle. Their introduc- tion examines the circumstances of the journey and presents this work as the ideal starting point for a reading of Goethe.14aGoethe, Johann Wolfgang von,d1749-1832 0aCrónicas de viajes 0aDescripciones y viajes 0aItalia - Descripciones y viajes aAuden, Wystan Hugh,d1907-1973etrl aMayer, Elizabeth etrl